Philoktetes (Record no. 1676)

MARC details
000 -BAŞLIK
Sabit Uzunlukta Kontrol Alanı 00746na a2200253 4500
001 - KONTROL NUMARASI
Denetim Alanı 16153
003 - KONTROL NUMARASI IDENTIFIER
Denetim Alanı MIRAKIL
005 - SON İŞLEM TARİHİ VE ZAMANI
Denetim Alanı 20181213154831.0
008 - SABİT-BOY VERİ ELEMANLARI - GENEL BİLGİLER
Sabit Uzunlukta Kontrol Alanı 161002b tu 000 0
020 ## - ULUSLARARASI STANDART KİTAP NUMARASI
Uluslararası Standart Kitap Numarası 9786053324263
040 ## - KATALOGLAMA KAYNAK
Orijinal Kataloglama Ajansı Milas
Kataloglama Dili tur
Metne Dönüştürmek Ajansı TR-AnCHP
082 ## - DEWEY ONLU SINIFLANDIRMA NUMARASI
Sınıflandırma Numarası 882
Ürün Numarası S62p 2014
090 ## - SINIFLAMA NUMARASI
Sınıflama Numarası 882 S62p 2014
100 ## - ANA GİRİŞ - KİŞİSEL İSİM
Kişisel Ad Sophokles
245 ## - BAŞLIK TABLOSU
Başlık Philoktetes
Sorumluluk Tablosu, Vb Sophokles ; Yunanca aslından çeviren Ari Çokona
260 ## - YAYIN, DAĞITIM, VB
Yayın, Dağıtım, Vb Yeri İstanbul
Yayıncı, Dağıtıcı, Vs Adı Türkiye İş Bankası Kültür Yayınları
Yayın, Dağıtım, Vb Tarihi 2015
300 ## - FİZİKSEL TANIM
Kapsam 82 s.
Boyutlar 21 sm.
490 ## - SERİSİ TABLOSU
Seri Beyanı Hasan Ali Yücel Klasikler Dizisi
500 ## - GENEL NOT
Genel Not Yapıtın özgün adı : ΦIΛOKTHTHΣ
650 ## - KONU KATMA GİRİŞ - TOPİKAL DÖNEM
Topikal Süreli Veya Coğrafi Ad Giriş Elemanı Yunan draması
650 ## - KONU KATMA GİRİŞ - TOPİKAL DÖNEM
Topikal Süreli Veya Coğrafi Ad Giriş Elemanı Yunan edebiyatı
Genel Alt Bölümü Tiyatro
700 ## - KATMA GİRİŞ - KİŞİSEL İSİM
Kişisel Ad Çokona, Ari
942 ## - EKLENDİ GİRİŞ ELEMANLARI (KOHA)
Sınıflandırma Veya Raf Düzeni Kaynak Dewey Decimal Classification
Koha Öğesi Türü Books
999 ## - SİSTEM KONTROL NUMARALARI (KOHA)
Koha Biblionumber 1676
Koha Biblioitemnumber 1676
Holdings
Kalıcı Konum Mevcut Konum Edinme Tarihi Edinim Kaynak Toplam Check-Out'Lar Tam Çağrı Numarası Barkod Tarih Son Görülme İtibaren Geçerli Fiyatlar Koha Öğesi Türü
CHP Kütüphanesi CHP Kütüphanesi 09/30/2016 Bağış   882 S62p 2014 004404 09/30/2016 09/30/2016 Books